| 000 | 00514cam a2200169 a 4500 | ||
|---|---|---|---|
| 020 | _a0070494207 (acidfree paper) | ||
| 040 | _cDLC | ||
| 082 | 0 | 0 | _a810 HIL 1999 A086 Or. |
| 245 | 0 | 4 | _aThe American tradition in literature / |
| 250 | _a9th ed., shorter ed. in one vol. | ||
| 260 |
_aBoston : _bMcGraw-Hill, _cc1999. |
||
| 300 |
_axxxii, 2128 p., [12] p. of plates : _bill. (some col.) ; _c24 cm. |
||
| 650 | 0 | _aAmerican literature. | |
| 700 | 1 | _aPerkins, George B., | |
| 700 | 1 | _aPerkins, Barbara, | |
| 942 | _cEK | ||
| 999 |
_c12151 _d12151 |
||